The extraordinary magics of Emma McDade

Bibliographic Details
Main Author: Hathorn, Libby
Format: Book
Published: Australia : Oxford University Press , 1989
Subjects:

MARC

LEADER 00000cam a2200000 7i4500
001 0000002248
002 000002449
005 20000330.0
020 |a 0195549759 
090 0 0 |a JF   |b HAT 
100 1 |a Hathorn, Libby 
245 1 4 |a The extraordinary magics of Emma McDade   |c Libby Hathorn illustrated by Maya 
260 |a Australia :   |b Oxford University Press ,   |c 1989 
300 |a 29p. :   |b ill ;   |c 21cm. 
650 0 0 |a Children's stories 
999 |a 035659   |b BUKU   |c PINJAMAN   |e PERPUSTAKAAN KOMUNITI PETALING JAYA 
999 |a 036704   |b BUKU   |c JUNIOR FICTION   |e PERPUSTAKAAN KOMUNITI PETALING JAYA